000 00706nam a2200241Ia 4500
005 20250508162751.0
008 008 250505s9999 xx 000 0 eng d
020 _a92-803-1140-9
037 _aTextual
040 _aFEDL
_beng
_cFEDL
041 _aeng
_2eng
084 _a370.7, UNE
_qFEDL
100 _aAnderson Lorin W.
245 0 _aIncreasing teacher effectiveness
245 0 _cUNESCO
260 _aParis, France
_bUnited Nations Educational, Scientific and Cultural Organization
_c1991
300 _a133p.
365 _aFF
_b80
490 _aFundamentals of educational planning
650 _aTeacher education
942 _cTEXL
_h370.7, UNE
999 _c1378587
_d1378587